| 000 | 01708cam a22003131i 4500 | ||
|---|---|---|---|
| 003 | SA-RiAUC | ||
| 005 | 20250104161050.0 | ||
| 008 | 241119k19841987le g 00000 ara c | ||
| 040 |
_aSA-RiKSU _bara _cSA-RiAUC _erda |
||
| 050 | 4 | _bI267 1984 | |
| 082 | 0 | 4 |
_a258.2 _qSA-RiAUC |
| 090 |
_a258.2 _b ا ب ن ر |
||
| 100 | 1 |
_aابن رشد، محمد بن أحمد (الجد)، _d450-520 هجري _eمؤلف. |
|
| 245 | 1 | 2 |
_aالبيان والتحصيل والشرح والتوجيه والتعليل في مسائل المستخرجة / _cأبو الوليد محمد بن أحمد بن رشد. وضمنه المستخرجة من الأسمعة، المعروفة، بالعتبية / لمحمد العتبي ؛ تحقيق محمد حجي. ؛ بعناية عبد الله بن إبراهيم الأنصاري. |
| 250 | _aالطبعة الأولى. | ||
| 264 | 1 |
_aبيروت : _bدار الغرب الإسلامي، _c1987-1984 |
|
| 300 |
_a20 مجلد ؛ _c26 سم |
||
| 336 |
_aنص _btxt _2rdacontent _3كتاب |
||
| 337 |
_aبدون وسيط _bn _2rdamedia |
||
| 338 |
_aمجلد _bnc _2rdacarrier |
||
| 650 | 7 |
_aالفقه المالكي _2aucsh |
|
| 700 | 1 |
_aالأنصاري، عبد الله بن إبراهيم، _d1333-1410 هجري _eمراجع. |
|
| 700 | 1 |
_aحجي، محمد، _d1923-2004 _eمحقق. |
|
| 700 | 1 | 2 |
_aالعتبي، محمد بن أحمد بن عبد العزيز، _dتوفي 255 هجري _tالمستخرجة من الأسمعة، المعروفة، بالعتبية. |
| 740 | 2 | 2 | _aالمستخرجة من الأسمعة، المعروفة، بالعتبية. |
| 740 | 2 | 2 | _aالعتبية. |
| 942 |
_2ddc _cBOOK _n0 |
||
| 949 |
_aSA-JeALM _d241119 _ueid123 _n1 |
||
| 999 |
_c2518 _d2518 |
||